[Event "Albert Boxer Classic"]
[Site "Winnipeg CAN"]
[Date "2006.05.26"]
[Round "1"]
[White "Boron, Anthony"]
[Black "Einarsson, Ken"]
[Result "1-0"]
[WhiteElo "1962"]
[BlackElo "1657"]
[PlyCount "81"]
[EventDate "2006.05.26"]
[EventType "swiss"]
[EventRounds "5"]
[EventCountry "CAN"]

1. e4 e5 2. Nf3 Nc6 3. Bb5 a6 4. Bxc6 dxc6 5. O-O Bd6 6. d4 Bg4 7. dxe5 Bxf3 8.
Qxf3 Bxe5 9. Nd2 Qf6 10. c3 O-O-O 11. Qxf6 Bxf6 12. f4 g6 13. Nf3 Ne7 14. Be3
Rhe8 15. Rad1 Rxd1 16. Rxd1 Nf5 17. exf5 Rxe3 18. fxg6 hxg6 19. Kf2 Re7 20. Re1
Rxe1 21. Nxe1 Kd7 22. Ke3 c5 23. Ke4 Ke6 24. Nf3 b5 25. Ng5+ Bxg5 26. fxg5 a5
27. g4 c6 28. h4 f6 29. gxf6 Kxf6 30. a3 a4 31. h5 gxh5 32. gxh5 b4 33. Kd3 Kg5
34. Kc4 Kxh5 35. axb4 cxb4 36. cxb4 Kg5 37. Kc5 Kf4 38. Kxc6 Ke4 39. b5 Kd3 40.
b6 Kc2 41. Kb5 1-0

[Event "Albert Boxer Classic"]
[Site "Winnipeg CAN"]
[Date "2006.05.26"]
[Round "1"]
[White "Clory, Ron"]
[Black "Kaptsan, Aron"]
[Result "0-1"]
[WhiteElo "1618"]
[BlackElo "1945"]
[PlyCount "99"]
[EventDate "2006.05.26"]
[EventType "swiss"]
[EventRounds "5"]
[EventCountry "CAN"]

1. Nf3 c5 2. d3 Nc6 3. g3 g6 4. Bg2 Bg7 5. O-O Nf6 6. e4 d6 7. c3 O-O 8. Bg5
Rb8 9. Re1 e5 10. Qc2 Be6 11. a3 Qb6 12. c4 Bg4 13. Nc3 Bxf3 14. Bxf3 Nd4 15.
Qd1 Qxb2 16. Nd5 Nxd5 17. exd5 Qb6 18. Bg2 Qc7 19. a4 b6 20. Be3 Nf5 21. Bd2
Bh6 22. Bc3 a6 23. Bh3 Ng7 24. Rb1 Rb7 25. Bg2 Rfb8 26. Qe2 b5 27. axb5 axb5
28. Bxe5 dxe5 29. d6 Qxd6 30. Bxb7 Rxb7 31. Rxb5 Re7 32. Reb1 Nf5 33. Rb6 Qd4
34. Rb8+ Kg7 35. Qe4 Qxe4 36. dxe4 Nd6 37. Rd8 Nxc4 38. Rd5 Nd2 39. Rd1 Nxe4
40. Re1 Nd2 41. Re2 c4 42. Rexd2 Bxd2 43. Rxd2 c3 44. Rc2 Rc7 45. Kf1 e4 46.
Ke2 Kf6 47. f4 Ke6 48. Ke3 Kd5 49. Rc1 c2 50. Kd2 0-1

[Event "Albert Boxer Classic"]
[Site "Winnipeg CAN"]
[Date "2006.05.26"]
[Round "1"]
[White "Gentes, Kevin"]
[Black "Proulx, Roy"]
[Result "1-0"]
[WhiteElo "2314"]
[BlackElo "1758"]
[PlyCount "57"]
[EventDate "2006.05.26"]
[EventType "swiss"]
[EventRounds "5"]
[EventCountry "CAN"]

1. c4 e6 2. Nc3 d5 3. d4 Nf6 4. Nf3 Be7 5. Bg5 O-O 6. e3 Nbd7 7. Rc1 c6 8. Bd3
dxc4 9. Bxc4 b5 10. Bd3 a5 11. O-O b4 12. Bxf6 Nxf6 13. Ne4 Ba6 14. Nxf6+ Bxf6
15. Rxc6 Bxd3 16. Qxd3 Qd5 17. Rc4 e5 18. e4 Qb5 19. d5 Rad8 20. Rfc1 g5 21.
Qd1 Kh8 22. Rc6 Kg7 23. Nxg5 Bxg5 24. Qg4 f6 25. Rc7+ Rf7 26. Rxf7+ Kxf7 27.
Rc7+ Kf8 28. h4 Bh6 29. Qe6 1-0

[Event "Albert Boxer Classic"]
[Site "Winnipeg CAN"]
[Date "2006.05.26"]
[Round "1"]
[White "Green, Aaron"]
[Black "Kwiatek, Jordan"]
[Result "0-1"]
[WhiteElo "1346"]
[BlackElo "1855"]
[PlyCount "36"]
[EventDate "2006.05.26"]
[EventType "swiss"]
[EventRounds "5"]
[EventCountry "CAN"]

1. e4 d6 2. d4 Nf6 3. Nc3 g6 4. Bd3 Bg7 5. f3 c6 6. Be3 b5 7. a3 a5 8. Na2 Nbd7
9. b3 O-O 10. Ne2 e5 11. g4 exd4 12. Nxd4 Ne5 13. Qd2 c5 14. f4 cxd4 15. fxe5
dxe3 16. Qxe3 Nxg4 17. Qg3 Bxe5 18. Qe3 Qh4+ 0-1

[Event "Albert Boxer Classic"]
[Site "Winnipeg CAN"]
[Date "2006.05.26"]
[Round "1"]
[White "Green, Jim"]
[Black "Tang, Edward"]
[Result "1/2-1/2"]
[WhiteElo "1679"]
[BlackElo "2004"]
[PlyCount "101"]
[EventDate "2006.05.26"]
[EventType "swiss"]
[EventRounds "5"]
[EventCountry "CAN"]

1. e4 e5 2. Nf3 Nf6 3. Nxe5 d6 4. Nf3 Nxe4 5. c4 Nc6 6. Nc3 Nxc3 7. dxc3 Bg4 8.
Be2 Be7 9. O-O O-O 10. Qc2 Qd7 11. Ng5 Bf5 12. Bd3 Bxd3 13. Qxd3 Bxg5 14. Bxg5
Ne5 15. Qd4 Qc6 16. b3 f6 17. Be3 Kh8 18. Qd5 Rfe8 19. Rfd1 Rad8 20. Qxc6 bxc6
21. h3 c5 22. Rd2 g5 23. Kf1 a5 24. Re1 Ng6 25. Rde2 Kg7 26. Bd2 Rxe2 27. Rxe2
Rb8 28. Re1 h6 29. Ke2 f5 30. Kd1 f4 31. g3 fxg3 32. fxg3 Ne5 33. Rf1 a4 34.
Kc2 axb3+ 35. axb3 Ra8 36. Kb1 Rb8 37. Kc2 Ra8 38. Kb1 Kg6 39. Be3 Re8 40. Bd2
Nf7 41. Rf2 Re4 42. Kc2 h5 43. Kd3 Re6 44. Kc2 Ne5 45. Rf8 Nf7 46. Rg8+ Kh7 47.
Rc8 Re7 48. b4 cxb4 49. cxb4 Kg6 50. Rg8+ Kf5 51. Rg7 1/2-1/2

[Event "Albert Boxer Classic"]
[Site "Winnipeg CAN"]
[Date "2006.05.26"]
[Round "1"]
[White "Greenberg, Harley"]
[Black "Zaczek, Jonathan"]
[Result "0-1"]
[WhiteElo "1712"]
[BlackElo "2067"]
[PlyCount "58"]
[EventDate "2006.05.26"]
[EventType "swiss"]
[EventRounds "5"]
[EventCountry "CAN"]

1. d4 Nf6 2. c4 g6 3. Nf3 Bg7 4. g3 O-O 5. Bg2 d5 6. cxd5 Nxd5 7. O-O Nc6 8. e4
Nb6 9. d5 Na5 10. Nc3 c6 11. dxc6 Nxc6 12. Bg5 h6 13. Bf4 g5 14. Qxd8 Rxd8 15.
Bc7 Rd3 16. Bxb6 Bxc3 17. Rfd1 Bxb2 18. Rxd3 Bxa1 19. Bc7 Be6 20. g4 Bxg4 21.
h4 f6 22. hxg5 hxg5 23. e5 Rc8 24. exf6 Rxc7 25. Nxg5 exf6 26. Bd5+ Kg7 27. Ne4
f5 28. Nc5 Kf6 29. f3 Bd4+ 0-1

[Event "Albert Boxer Classic"]
[Site "Winnipeg CAN"]
[Date "2006.05.26"]
[Round "1"]
[White "Khedkar, Jay"]
[Black "Anderson, George"]
[Result "1-0"]
[WhiteElo "1877"]
[BlackElo "1509"]
[PlyCount "85"]
[EventDate "2006.05.26"]
[EventType "swiss"]
[EventRounds "5"]
[EventCountry "CAN"]

1. Nf3 a6 2. d4 b5 3. e4 Bb7 4. Bd3 e6 5. O-O c5 6. c3 Qb6 7. Re1 d5 8. e5 Nc6
9. Be3 cxd4 10. cxd4 Nge7 11. Nc3 Ng6 12. Rc1 Be7 13. Ne2 Rc8 14. Ng3 O-O 15.
Nh5 Nb4 16. Rxc8 Rxc8 17. Bb1 Qc7 18. Qb3 Qc4 19. Qxc4 bxc4 20. Rc1 Nd3 21.
Bxd3 cxd3 22. Rxc8+ Bxc8 23. Kf1 Bd7 24. Ke1 Bb5 25. a3 Nh4 26. Nxh4 Bxh4 27.
Kd2 Bd8 28. Nf4 Ba5+ 29. b4 Bc7 30. Nxd3 Bxd3 31. Kxd3 f6 32. f4 Kf7 33. Kc3
Kg6 34. a4 Kf5 35. Kd3 g5 36. exf6 gxf4 37. f7 Bd6 38. Bd2 Kf6 39. b5 axb5 40.
Bxf4 Be7 41. a5 b4 42. a6 Kxf7 43. a7 1-0

[Event "Albert Boxer Classic"]
[Site "Winnipeg CAN"]
[Date "2006.05.26"]
[Round "1"]
[White "Plocek, Jaroslav"]
[Black "Bince, Rolando"]
[Result "0-1"]
[WhiteElo "1488"]
[BlackElo "1875"]
[PlyCount "99"]
[EventDate "2006.05.26"]
[EventType "swiss"]
[EventRounds "5"]
[EventCountry "CAN"]

1. d4 f5 2. c4 Nf6 3. Nc3 e6 4. Nf3 Be7 5. Bg5 O-O 6. e3 d5 7. Bd3 Qe8 8. Qc2
c6 9. O-O Nbd7 10. Rae1 Bd6 11. Bf4 Bxf4 12. exf4 Ne4 13. Ng5 Nxg5 14. fxg5 Qg6
15. f4 dxc4 16. Bxc4 Nb6 17. Bb3 Bd7 18. Re3 Nd5 19. Bxd5 cxd5 20. Rfe1 Rac8
21. Qe2 a6 22. h4 h5 23. gxh6 Qxh6 24. Qf2 Rc4 25. Rh3 b5 26. a3 Rfc8 27. Qe2
Qxf4 28. Rd1 Rxd4 29. Rxd4 Qxd4+ 30. Kh1 Qf6 31. h5 d4 32. Nd1 Rc1 33. Qd2 Rc7
34. h6 Bc6 35. hxg7 Rxg7 36. Rh2 Rh7 37. Rxh7 Kxh7 38. Qf4 Qh6+ 39. Qxh6+ Kxh6
40. Nf2 Be4 41. Kg1 Bc2 42. Kf1 e5 43. g3 Kg5 44. Ke1 f4 45. gxf4+ Kxf4 46. Kd2
Kg3 47. Ke1 e4 48. Ke2 e3 49. Nd1 Bxd1+ 50. Kxd1 0-1

[Event "Albert Boxer Classic"]
[Site "Winnipeg CAN"]
[Date "2006.05.26"]
[Round "1"]
[White "Prince, Colin"]
[Black "Wasserman, Leor"]
[Result "1-0"]
[WhiteElo "1873"]
[BlackElo "1402"]
[PlyCount "51"]
[EventDate "2006.05.26"]
[EventType "swiss"]
[EventRounds "5"]
[EventCountry "CAN"]

1. e4 e5 2. Nf3 Nc6 3. Bc4 Bc5 4. c3 Nf6 5. d4 exd4 6. cxd4 Bb6 7. e5 Qe7 8.
O-O Ng4 9. h3 Nh6 10. Nc3 Nf5 11. d5 Na5 12. d6 cxd6 13. Bg5 Qf8 14. exd6 f6
15. Re1+ Kd8 16. Qd5 fxg5 17. Nxg5 Nh6 18. Re2 Qf6 19. Nce4 Qd4 20. Nd2 Rf8 21.
Rae1 Qf4 22. Nf7+ Nxf7 23. Qxf7 Qxf7 24. Bxf7 Bxf2+ 25. Rxf2 Nc6 26. Rfe2 1-0

[Event "Albert Boxer Classic"]
[Site "Winnipeg CAN"]
[Date "2006.05.26"]
[Round "1"]
[White "Repa, Jason"]
[Black "Wood, Nathan"]
[Result "1-0"]
[WhiteElo "1942"]
[BlackElo "1528"]
[PlyCount "94"]
[EventDate "2006.05.26"]
[EventType "swiss"]
[EventRounds "5"]
[EventCountry "CAN"]

1. b3 d5 2. f4 Nf6 3. e3 e6 4. Nf3 Nbd7 5. Bb2 b6 6. Bb5 a6 7. Ne5 Ne4 8. Bxd7+
Bxd7 9. O-O Bc8 10. d3 Nd6 11. Nd2 c5 12. a4 Bb7 13. Qg4 Qc7 14. Rad1 O-O-O 15.
e4 dxe4 16. dxe4 Kb8 17. Nec4 Ka7 18. Nxd6 Bxd6 19. Nc4 Be7 20. f5 exf5 21.
Qxf5 f6 22. Ne3 Bd6 23. h3 Bh2+ 24. Kh1 Bd6 25. Nd5 Qf7 26. c4 Qg6 27. Qxg6
hxg6 28. e5 fxe5 29. Rf7 Rh7 30. Rdf1 Rdh8 31. Rd7 Rf8 32. Rxf8 Bxf8 33. Bxe5
Rh5 34. Bxg7 Rh7 35. Rxb7+ Kxb7 36. Bxf8 Rf7 37. Bd6 Kc6 38. Bf4 b5 39. axb5+
axb5 40. h4 Ra7 41. Kh2 Ra3 42. Ne7+ Kd7 43. Nxg6 Rxb3 44. cxb5 Rxb5 45. Kg3 c4
46. Ne5+ Ke6 47. Nf3 Kf5 1-0

[Event "Albert Boxer Classic"]
[Site "Winnipeg CAN"]
[Date "2006.05.26"]
[Round "1"]
[White "Rumpel, Chris"]
[Black "Lipnowski, Samuel"]
[Result "0-1"]
[WhiteElo "1748"]
[BlackElo "2166"]
[PlyCount "83"]
[EventDate "2006.05.26"]
[EventType "swiss"]
[EventRounds "5"]
[EventCountry "CAN"]

1. d4 c6 2. c4 Nf6 3. Nc3 d5 4. cxd5 cxd5 5. Bf4 Nc6 6. Nf3 a6 7. h3 e6 8. a3
Bd6 9. Qd2 O-O 10. Bxd6 Qxd6 11. e3 Na5 12. Qc2 b5 13. Ne5 Bb7 14. b4 Nc4 15.
Nd3 Nd7 16. Nc5 Nxc5 17. bxc5 Qc7 18. Bd3 g6 19. O-O e5 20. Qe2 exd4 21. exd4
Qf4 22. Bxc4 dxc4 23. d5 Rae8 24. Qc2 Re5 25. c6 Bc8 26. Rad1 Bxh3 27. Ne2 Qg5
28. Ng3 Bg4 29. Rd4 Ree8 30. f3 Bc8 31. Ne4 Qe5 32. Rfd1 f5 33. Nc3 Qd6 34. Qb2
Re3 35. f4 Rfe8 36. Kf2 g5 37. R1d2 g4 38. Re2 g3+ 39. Ke1 Qc5 40. Qd2 Rxe2+
41. Nxe2 c3 42. Qd3 0-1

[Event "Albert Boxer Classic"]
[Site "Winnipeg CAN"]
[Date "2006.05.26"]
[Round "1"]
[White "Rutter, Blair"]
[Black "Gibbons, Lorne"]
[Result "1-0"]
[WhiteElo "1786"]
[BlackElo "1288"]
[PlyCount "44"]
[EventDate "2006.05.26"]
[EventType "swiss"]
[EventRounds "5"]
[EventCountry "CAN"]

1. c4 e5 2. g3 Bc5 3. Bg2 Nf6 4. Nc3 a6 5. d3 c6 6. e3 d6 7. Nge2 Bg4 8. h3 Bf5
9. e4 Be6 10. O-O h5 11. Bg5 Nbd7 12. Qd2 Nf8 13. b3 Qd7 14. h4 N6h7 15. Be3
Bb4 16. d4 Ng6 17. dxe5 Nxe5 18. a3 Ba5 19. Rad1 Bc7 20. f4 Ng4 21. f5 Nxe3 22.
Qxe3 O-O 1-0

[Event "Albert Boxer Classic"]
[Site "Winnipeg CAN"]
[Date "2006.05.26"]
[Round "1"]
[White "Schulz, Waldemar"]
[Black "Oberton, Daniel"]
[Result "1/2-1/2"]
[WhiteElo "2110"]
[BlackElo "1740"]
[PlyCount "78"]
[EventDate "2006.05.26"]
[EventType "swiss"]
[EventRounds "5"]
[EventCountry "CAN"]

1. Nf3 Nf6 2. g3 g6 3. Bg2 Bg7 4. O-O O-O 5. c4 d6 6. d4 Nbd7 7. Nc3 e5 8. b3
exd4 9. Nxd4 Re8 10. Bb2 Nc5 11. Qc2 c6 12. Rfe1 Qc7 13. Rad1 Be6 14. Nxe6 Rxe6
15. Bc1 Rd8 16. Bf4 Nh5 17. Bg5 f6 18. Bc1 f5 19. b4 Nd7 20. Bg5 Nhf6 21. Qb3
Kh8 22. Rc1 h6 23. Bxf6 Nxf6 24. Nd5 Qf7 25. Nf4 Re7 26. Qc2 Nd7 27. b5 Ne5 28.
a4 Rc7 29. Nd3 cxb5 30. Nxe5 dxe5 31. axb5 Rdc8 32. Qa4 Rxc4 33. Rxc4 Qxc4 34.
Qxa7 Qxb5 35. Qxb7 Qxb7 36. Bxb7 Rc2 37. Kf1 Bf8 38. Rd1 Rc7 39. Ba6 Kg7
1/2-1/2

[Event "Albert Boxer Classic"]
[Site "Winnipeg CAN"]
[Date "2006.05.26"]
[Round "1"]
[White "Vincent, Trevor"]
[Black "Curtis, Rory"]
[Result "1-0"]
[WhiteElo "2010"]
[BlackElo "1688"]
[PlyCount "41"]
[EventDate "2006.05.26"]
[EventType "swiss"]
[EventRounds "5"]
[EventCountry "CAN"]

1. c4 e5 2. g3 Nf6 3. Bg2 Nc6 4. Nc3 Bb4 5. Nd5 Ba5 6. e3 O-O 7. Ne2 d6 8. O-O
Bg4 9. h3 Bh5 10. d3 Re8 11. g4 Bg6 12. f4 exf4 13. exf4 h5 14. f5 Bh7 15. g5
Nxd5 16. Bxd5 Bb6+ 17. Kg2 g6 18. Ng3 Nd4 19. fxg6 Bxg6 20. Rf6 Ne6 21. Nxh5
1-0

[Event "Albert Boxer Classic"]
[Site "Winnipeg CAN"]
[Date "2006.05.27"]
[Round "2"]
[White "Anderson, George"]
[Black "Greenberg, Harley"]
[Result "0-1"]
[WhiteElo "1509"]
[BlackElo "1712"]
[PlyCount "63"]
[EventDate "2006.05.26"]
[EventType "swiss"]
[EventRounds "5"]
[EventCountry "CAN"]

1. e4 c5 2. a3 Nc6 3. Nf3 d6 4. Bc4 Nf6 5. Nc3 e6 6. d3 Be7 7. Ne2 O-O 8. Bg5
a6 9. O-O b5 10. Ba2 Bb7 11. Nf4 Qd7 12. c3 b4 13. Bxf6 Bxf6 14. Nh5 Be7 15.
axb4 cxb4 16. d4 bxc3 17. bxc3 g6 18. Nf4 Rac8 19. c4 Nb4 20. Bb3 Bxe4 21. Ra4
Qb7 22. d5 e5 23. Nh3 Nd3 24. Nfg5 Bf5 25. Qb1 Nc5 26. Bc2 Qxb1 27. Bxb1 Nxa4
28. Bxf5 gxf5 29. Ra1 Rxc4 30. g3 Rfc8 31. Kg2 e4 32. f4 0-1

[Event "Albert Boxer Classic"]
[Site "Winnipeg CAN"]
[Date "2006.05.27"]
[Round "2"]
[White "Bince, Rolando"]
[Black "Vincent, Trevor"]
[Result "0-1"]
[WhiteElo "1875"]
[BlackElo "2010"]
[PlyCount "52"]
[EventDate "2006.05.26"]
[EventType "swiss"]
[EventRounds "5"]
[EventCountry "CAN"]

1. e4 c5 2. Nf3 Nc6 3. d4 cxd4 4. Nxd4 g6 5. Bc4 Bg7 6. Nxc6 bxc6 7. O-O d6 8.
Nc3 Qc7 9. Bg5 Nf6 10. Qd2 O-O 11. Rfe1 Ng4 12. h3 d5 13. hxg4 dxc4 14. Bf4 e5
15. Bh6 Bxh6 16. Qxh6 Be6 17. Rad1 Rfd8 18. Kh2 Rd4 19. Kg3 f6 20. Qe3 Rad8 21.
Rh1 h5 22. f3 R8d7 23. Kf2 Qb6 24. Kg3 Qxb2 25. Na4 Qxc2 26. Nc5 Rxd1 0-1

[Event "Albert Boxer Classic"]
[Site "Winnipeg CAN"]
[Date "2006.05.27"]
[Round "2"]
[White "Cleto, Sam"]
[Black "Green, Jim"]
[Result "1-0"]
[WhiteElo "1821"]
[BlackElo "1679"]
[PlyCount "127"]
[EventDate "2006.05.26"]
[EventType "swiss"]
[EventRounds "5"]
[EventCountry "CAN"]

1. Nf3 d5 2. d4 Nf6 3. h3 g6 4. Bf4 c6 5. e3 a6 6. Bd3 Bg7 7. Nbd2 Nbd7 8. O-O
O-O 9. a4 c5 10. c3 c4 11. Bc2 b6 12. Re1 Bb7 13. Ne5 b5 14. axb5 axb5 15. Rxa8
Qxa8 16. Nxd7 Nxd7 17. e4 dxe4 18. Bxe4 Nf6 19. Bf3 Bxf3 20. Nxf3 Nd5 21. Bg5
e6 22. Qd2 Qb7 23. Bh6 b4 24. Bxg7 Kxg7 25. cxb4 Qxb4 26. Qxb4 Nxb4 27. Ne5 Rc8
28. Rc1 Nd5 29. Rxc4 Rb8 30. Rc2 Rb3 31. Nc6 Kf6 32. Kf1 Nf4 33. h4 Nd3 34. Rc3
Rb6 35. Rxd3 Rxc6 36. Ke2 Rb6 37. b3 h5 38. Kd2 Ke7 39. Kc3 Kd6 40. Kc4 Kc6 41.
b4 Rb5 42. Rf3 Rb7 43. Rf6 Kd6 44. b5 Ke7 45. Rf3 Kd6 46. Kb4 Kd5 47. Rd3 Rb8
48. Rd1 Rb7 49. Rd3 Rb8 50. Rf3 Rb7 51. Rf4 e5 52. dxe5 Kxe5 53. Rc4 Kd5 54.
Rc2 Kd6 55. Ka5 Ra7+ 56. Kb6 Ra1 57. Kb7 Kd7 58. Rd2+ Ke7 59. b6 Rb1 60. Ka7
Ra1+ 61. Kb8 Rb1 62. b7 Rb3 63. Ra2 Rd3 64. Ka8 1-0

[Event "Albert Boxer Classic"]
[Site "Winnipeg CAN"]
[Date "2006.05.27"]
[Round "2"]
[White "Curtis, Rory"]
[Black "Plocek, Jaroslav"]
[Result "0-1"]
[WhiteElo "1688"]
[BlackElo "1488"]
[PlyCount "54"]
[EventDate "2006.05.26"]
[EventType "swiss"]
[EventRounds "5"]
[EventCountry "CAN"]

1. d4 d5 2. c4 e6 3. cxd5 exd5 4. Nc3 Nf6 5. Bg5 Be7 6. e3 c6 7. Bd3 Be6 8.
Nge2 h6 9. Bh4 Nh5 10. Bxe7 Qxe7 11. Rb1 Nd7 12. b4 a6 13. O-O Bg4 14. h3 Be6
15. Nf4 Nxf4 16. exf4 f5 17. Re1 g6 18. Qe2 Nf8 19. Na4 Kf7 20. Nc5 Re8 21.
Bxa6 bxa6 22. Qxa6 Qc7 23. b5 cxb5 24. Rxb5 Bc8 25. Reb1 Bxa6 26. Nxa6 Qxf4 27.
a4 Re2 0-1

[Event "Albert Boxer Classic"]
[Site "Winnipeg CAN"]
[Date "2006.05.27"]
[Round "2"]
[White "Kaptsan, Aron"]
[Black "Joven, Perfecto"]
[Result "1-0"]
[WhiteElo "1945"]
[BlackElo "1804"]
[PlyCount "139"]
[EventDate "2006.05.26"]
[EventType "swiss"]
[EventRounds "5"]
[EventCountry "CAN"]

1. d4 Nf6 2. c4 g6 3. Nc3 Bg7 4. e4 d6 5. Nf3 O-O 6. Be2 e5 7. O-O Nc6 8. d5
Ne7 9. b4 Ne8 10. Nd2 f5 11. f3 Nf6 12. a4 f4 13. Ba3 g5 14. c5 h5 15. cxd6
cxd6 16. b5 g4 17. Nc4 Ne8 18. fxg4 h4 19. h3 Ng6 20. Rc1 Bh6 21. Bf3 Nh8 22.
Qb3 Nf7 23. b6 a6 24. Nb1 Bg5 25. Nbd2 Be7 26. Qb4 Rb8 27. Rc3 Qd7 28. Nb3 Bd8
29. Nc1 Qe7 30. Nd3 Bd7 31. Rfc1 Kg7 32. Na5 Kg8 33. Rc7 Bxc7 34. bxc7 Rc8 35.
Qxb7 Rxc7 36. Rxc7 Nxc7 37. Qxc7 Rc8 38. Nc6 Rxc7 39. Nxe7+ Kf8 40. Nc6 Bxc6
41. dxc6 Rxc6 42. Bb4 Ke8 43. a5 Rc4 44. Be1 Ra4 45. Nf2 Ra1 46. Kf1 Ng5 47.
Be2 Ne6 48. Bxa6 Nd4 49. Bb7 Nc2 50. Nd3 Nxe1 51. Nxe1 Rxa5 52. Nf3 Ra1+ 53.
Kf2 Ra2+ 54. Kg1 Ra1+ 55. Kh2 Ra7 56. Bd5 Rh7 57. g5 Rg7 58. Be6 Ke7 59. Bf5
Kf7 60. g6+ Kf6 61. Nxh4 Kg5 62. Nf3+ Kf6 63. h4 d5 64. h5 dxe4 65. Bxe4 Rg8
66. Kh3 Rh8 67. Kg4 Rh6 68. Nxe5 Rh8 69. Nf7 Rg8 70. Kxf4 1-0

[Event "Albert Boxer Classic"]
[Site "Winnipeg CAN"]
[Date "2006.05.27"]
[Round "2"]
[White "Kwiatek, Jordan"]
[Black "Boron, Anthony"]
[Result "0-1"]
[WhiteElo "1855"]
[BlackElo "1962"]
[PlyCount "108"]
[EventDate "2006.05.26"]
[EventType "swiss"]
[EventRounds "5"]
[EventCountry "CAN"]

1. Nf3 Nf6 2. d4 e6 3. g3 b6 4. Bg2 Bb7 5. c4 Bb4+ 6. Bd2 Qe7 7. O-O O-O 8. Nc3
d6 9. a3 Bxc3 10. Bxc3 Ne4 11. Be1 c5 12. b4 Nd7 13. dxc5 dxc5 14. Qc2 Ndf6 15.
Ne5 Rfd8 16. f3 Qd6 17. Nd3 Qd4+ 18. Kh1 Qxa1 19. fxe4 Nxe4 20. Nf4 Qd1 21. Qb2
Qd4 22. Qc1 Rab8 23. Nh5 cxb4 24. Qf4 Nf6 25. Nxf6+ Qxf6 26. Bxb7 Qxf4 27. gxf4
Rxb7 28. axb4 Rd1 29. Kg2 Rc7 30. f5 Rxc4 31. fxe6 fxe6 32. Kf2 Rf4+ 33. Kg1
Rxf1+ 34. Kxf1 a5 35. bxa5 bxa5 36. Kf2 a4 37. Bb4 Rb1 38. Bc5 Rb3 39. Ke1 a3
40. Kd2 Rb2+ 41. Kd3 a2 42. Bd4 a1=Q 43. Bxb2 Qxb2 44. Ke3 Kf7 45. h4 Kf6 46.
Kf3 Qc3+ 47. e3 Kf5 48. h5 e5 49. h6 gxh6 50. Ke2 Ke4 51. Kd1 h5 52. Ke2 h4 53.
Kf2 Qd2+ 54. Kg1 Kf3 0-1

[Event "Albert Boxer Classic"]
[Site "Winnipeg CAN"]
[Date "2006.05.27"]
[Round "2"]
[White "Lipnowski, Samuel"]
[Black "Khedkar, Jay"]
[Result "1-0"]
[WhiteElo "2166"]
[BlackElo "1877"]
[PlyCount "49"]
[EventDate "2006.05.26"]
[EventType "swiss"]
[EventRounds "5"]
[EventCountry "CAN"]

1. d4 d5 2. c4 e6 3. Nc3 Nf6 4. Bg5 Nbd7 5. e3 c6 6. Nf3 Qa5 7. Nd2 Bb4 8. Qc2
O-O 9. Be2 b6 10. O-O dxc4 11. Bxf6 Nxf6 12. Nxc4 Qg5 13. Bf3 Ba6 14. Ne4 Qh6
15. Rfc1 Rac8 16. Ne5 c5 17. Qa4 Nxe4 18. Bxe4 Be2 19. a3 Ba5 20. dxc5 Bd2 21.
Rc2 b5 22. Qb3 Rfd8 23. Bf3 Bc4 24. Nxc4 bxc4 25. Qxc4 1-0

[Event "Albert Boxer Classic"]
[Site "Winnipeg CAN"]
[Date "2006.05.27"]
[Round "2"]
[White "Proulx, Roy"]
[Black "Gannon, Keith"]
[Result "1-0"]
[WhiteElo "1758"]
[BlackElo "1526"]
[PlyCount "41"]
[EventDate "2006.05.26"]
[EventType "swiss"]
[EventRounds "5"]
[EventCountry "CAN"]

1. e4 e5 2. Nf3 Nf6 3. Nxe5 d6 4. Nxf7 Kxf7 5. Bc4+ Ke8 6. O-O Bg4 7. f3 Bh5 8.
d4 Be7 9. Qe2 c6 10. Nc3 Bf7 11. Bxf7+ Kxf7 12. f4 Re8 13. e5 Bf8 14. Qd3 Nd5
15. Qxh7 Nxc3 16. bxc3 Qd7 17. Bd2 Na6 18. Rae1 Qe6 19. f5 Qxa2 20. e6+ Ke7 21.
Bg5# 1-0

[Event "Albert Boxer Classic"]
[Site "Winnipeg CAN"]
[Date "2006.05.27"]
[Round "2"]
[White "Rutter, Blair"]
[Black "Repa, Jason"]
[Result "0-1"]
[WhiteElo "1786"]
[BlackElo "1942"]
[PlyCount "66"]
[EventDate "2006.05.26"]
[EventType "swiss"]
[EventRounds "5"]
[EventCountry "CAN"]

1. c4 e6 2. g3 f5 3. Bg2 Nf6 4. Nc3 Bb4 5. Qb3 Bxc3 6. Qxc3 O-O 7. Nf3 Ne4 8.
Qc2 d6 9. d3 Nf6 10. Bd2 Nbd7 11. b4 Rb8 12. a4 b6 13. Nd4 Qe8 14. Nb5 a6 15.
Nxc7 Qf7 16. b5 Nc5 17. Nxa6 Nxa6 18. bxa6 Bxa6 19. O-O Bb7 20. Rfb1 Bxg2 21.
Kxg2 Qh5 22. f3 g5 23. h3 g4 24. h4 gxf3+ 25. exf3 Rb7 26. d4 Rg7 27. Kf2 Ne4+
28. fxe4 fxe4+ 29. Bf4 Qf3+ 30. Ke1 Rxf4 31. Qe2 Qxg3+ 32. Kd1 Rf2 33. Qxe4
Qd3+ 0-1

[Event "Albert Boxer Classic"]
[Site "Winnipeg CAN"]
[Date "2006.05.27"]
[Round "2"]
[White "Tang, Edward"]
[Black "Oberton, Daniel"]
[Result "1/2-1/2"]
[WhiteElo "2004"]
[BlackElo "1740"]
[PlyCount "134"]
[EventDate "2006.05.26"]
[EventType "swiss"]
[EventRounds "5"]
[EventCountry "CAN"]

1. d4 Nf6 2. c4 g6 3. Nc3 Bg7 4. e4 d6 5. Nf3 O-O 6. Be2 Nbd7 7. Bg5 h6 8. Bh4
Re8 9. O-O e5 10. d5 a5 11. Nd2 Nc5 12. Qc2 c6 13. b3 Qc7 14. Rac1 Bd7 15. a3
Rec8 16. b4 axb4 17. axb4 Na6 18. Qb2 c5 19. b5 Nb4 20. Ra1 b6 21. Na2 Nxa2 22.
Rxa2 Qb7 23. Rfa1 g5 24. Bg3 Ne8 25. Qc2 Nc7 26. Nf1 Rxa2 27. Rxa2 Ra8 28. Qb1
Rxa2 29. Qxa2 f5 30. exf5 Bxf5 31. Ne3 Bg6 32. h4 Qa8 33. Qxa8+ Nxa8 34. hxg5
hxg5 35. Bg4 Bd3 36. Bf5 Bxf5 37. Nxf5 Bf8 38. Kh2 Kf7 39. Kh3 Kg6 40. Ne3 Nc7
41. f3 Ne8 42. Be1 Be7 43. Ng4 Ng7 44. Nf2 Ne8 45. Bd2 Nf6 46. Kg3 Nh5+ 47. Kh2
Nf4 48. Bxf4 exf4 49. Nd3 Kf5 50. g3 Bf6 51. gxf4 gxf4 52. Nc1 Ke5 53. Nb3 Kf5
54. Kg2 Kg5 55. Kf2 Kf5 56. Ke2 Bc3 57. Kd3 Be1 58. Ke2 Bc3 59. Nc1 Bb2 60. Nd3
Bc3 61. Kf2 Bf6 62. Kg2 Bd4 63. Kh3 Bf6 64. Nc1 Kg5 65. Nd3 Bd4 66. Nc1 Bf6 67.
Nb3 Bc3 1/2-1/2

[Event "Albert Boxer Classic"]
[Site "Winnipeg CAN"]
[Date "2006.05.27"]
[Round "2"]
[White "Van Wyk, Joseph"]
[Black "Gentes, Kevin"]
[Result "1/2-1/2"]
[WhiteElo "1882"]
[BlackElo "2314"]
[PlyCount "136"]
[EventDate "2006.05.26"]
[EventType "swiss"]
[EventRounds "5"]
[EventCountry "CAN"]

1. e4 c5 2. c3 Nf6 3. e5 Nd5 4. d4 cxd4 5. cxd4 Qa5+ 6. Nd2 Nc6 7. Ngf3 d6 8.
exd6 e6 9. Be2 Nf4 10. O-O Nxe2+ 11. Qxe2 Bxd6 12. Nc4 Qd5 13. Nxd6+ Qxd6 14.
Be3 O-O 15. Rfd1 b6 16. Ng5 f6 17. Ne4 Qd7 18. Qb5 Rd8 19. Rac1 Bb7 20. Ng3 Ne7
21. Qxd7 Rxd7 22. Rc2 Rad8 23. Rcd2 Rc8 24. Ne2 Kf7 25. Nc3 Rcd8 26. Nb5 Bc6
27. Nc3 Nf5 28. Ne2 Nh4 29. f3 Nf5 30. Bf2 h5 31. Ng3 Nxg3 32. Bxg3 Bd5 33. b3
Rc8 34. Kf2 g5 35. h3 Rdd8 36. h4 g4 37. fxg4 hxg4 38. Bf4 Be4 39. Re1 Bd5 40.
Kg3 Rc3+ 41. Re3 Rc6 42. Kxg4 e5 43. Bh2 Rg8+ 44. Kh3 Be6+ 45. g4 Rxg4 46. d5
Bf5 47. Rf2 Re4+ 48. Kg2 Rxe3 49. dxc6 Be4+ 50. Kf1 Bxc6 51. Rc2 Bb5+ 52. Kf2
Rd3 53. Rc7+ Rd7 54. Rxd7+ Bxd7 55. a3 Kg6 56. Ke3 Kf5 57. Bg3 Bc6 58. Be1 Ke6
59. Bb4 f5 60. h5 Bd5 61. h6 f4+ 62. Kf2 Be4 63. Bf8 Kd5 64. Bg7 Bf5 65. Kf3
Bg6 66. b4 a5 67. bxa5 bxa5 68. a4 Kd6 1/2-1/2